[Event "RSA-ch U14"]
[Site "Gauteng"]
[Date "2017.04.10"]
[Round "9"]
[White "Schoeman, Ewald"]
[Black "Pather, Sachen"]
[Result "1/2-1/2"]
[WhiteElo "1468"]
[BlackElo "1398"]
[PlyCount "52"]
[EventDate "2017.04.05"]
[EventType "swiss"]
[EventRounds "11"]
[EventCountry "RSA"]
[SourceTitle "CBM 177 Extra"]
[Source "ChessBase"]
[SourceDate "2017.04.27"]
[SourceVersion "1"]
[SourceVersionDate "2017.04.27"]
[SourceQuality "1"]

1. d4 d5 2. Nc3 e6 3. e4 Nf6 4. e5 Nfd7 5. f4 c5 6. Nf3 Nc6 7. Be3 a6 8. Qd2 b5 9. a3 Qa5 10. Ra2 Qc7 11. g3 Be7 12. Bg2 b4 13. axb4 Nxb4 14. Ra1 Nb6 15. b3 Bb7 16. 0-0 Rc8 17. Na2 Nxa2 18. Rxa2 c4 19. Rfa1 0-0 20. Bf1 Ra8 21. Kf2 Ra7 22. Qa5 Rc8 23. Bd2 Bc6 24. Bb4 Bxb4 25. Qxb4 Bb5 26. Be2 h6 1/2-1/2

[Event "RSA-ch U14"]
[Site "Gauteng"]
[Date "2017.04.09"]
[Round "8"]
[White "Pather, Sachen"]
[Black "Nhamuave, Eleazar"]
[Result "0-1"]
[WhiteElo "1398"]
[BlackElo "1527"]
[PlyCount "74"]
[EventDate "2017.04.05"]
[EventType "swiss"]
[EventRounds "11"]
[EventCountry "RSA"]
[SourceTitle "CBM 177 Extra"]
[Source "ChessBase"]
[SourceDate "2017.04.27"]
[SourceVersion "1"]
[SourceVersionDate "2017.04.27"]
[SourceQuality "1"]

1. d4 d5 2. Nf3 g6 3. g3 Nf6 4. Bg2 Bg7 5. c4 dxc4 6. Qa4+ Nbd7 7. 0-0 0-0 8. Qxc4 Nb6 9. Qb3 Be6 10. Qd1 Qc8 11. Ng5 c6 12. Nxe6 Qxe6 13. Nc3 Nfd5 14. e4 Nc7 15. Bf4 Qd7 16. d5 cxd5 17. Bxc7 Qxc7 18. Nxd5 Nxd5 19. Qxd5 Rfd8 20. Qb3 Rd2 21. Rab1 Rad8 22. Rfd1 Qb6 23. Rxd2 Rxd2 24. Qxb6 axb6 25. e5 Bxe5 26. Bxb7 Bd4 27. Rf1 Rxb2 28. Bd5 Rd2 29. Bb3 b5 30. Kg2 Kg7 31. g4 e5 32. Kg3 f5 33. gxf5 gxf5 34. f3 h5 35. h3 f4+ 36. Kh4 Kh6 37. a4 Bc5 0-1

[Event "RSA-ch U14"]
[Site "Gauteng"]
[Date "2017.04.06"]
[Round "2"]
[White "Louw, Carlo"]
[Black "Pather, Sachen"]
[Result "0-1"]
[WhiteElo "1343"]
[BlackElo "1398"]
[PlyCount "76"]
[EventDate "2017.04.05"]
[EventType "swiss"]
[EventRounds "11"]
[EventCountry "RSA"]
[SourceTitle "CBM 177 Extra"]
[Source "ChessBase"]
[SourceDate "2017.04.27"]
[SourceVersion "1"]
[SourceVersionDate "2017.04.27"]
[SourceQuality "1"]

1. e4 e6 2. d4 d5 3. Nd2 Nf6 4. e5 Nfd7 5. f4 c5 6. Ndf3 Nc6 7. Ne2 Qb6 8. g3 Be7 9. c3 0-0 10. Kf2 cxd4 11. cxd4 f6 12. Kg2 fxe5 13. fxe5 Qd8 14. Nf4 Nb6 15. Bd3 Qe8 16. a3 Bd7 17. Qc2 g6 18. Rf1 Rc8 19. Qb1 Kg7 20. Be3 Na5 21. b3 Rc3 22. Qe1 Rxb3 23. Qxa5 g5 24. Nxe6+ Bxe6 25. Qd2 Qh5 26. Ng1 Bxa3 27. Rxa3 Rxa3 28. Rxf8 Rxd3 29. Qf2 Qg6 30. Kf1 Rxe3 31. Rd8 Qd3+ 32. Kg2 Qe4+ 33. Kf1 Bh3+ 34. Nxh3 Rf3 35. Nxg5 Rxf2+ 36. Kxf2 Qxd4+ 37. Kg2 Qd2+ 38. Kh3 Qxg5 0-1

[Event "RSA-ch U14"]
[Site "Gauteng"]
[Date "2017.04.05"]
[Round "1"]
[White "Pather, Sachen"]
[Black "Mazibuko, Buhle"]
[Result "1-0"]
[WhiteElo "1398"]
[BlackElo "1262"]
[PlyCount "51"]
[EventDate "2017.04.05"]
[EventType "swiss"]
[EventRounds "11"]
[EventCountry "RSA"]
[SourceTitle "CBM 177 Extra"]
[Source "ChessBase"]
[SourceDate "2017.04.27"]
[SourceVersion "1"]
[SourceVersionDate "2017.04.27"]
[SourceQuality "1"]

1. e4 c5 2. Nf3 Nc6 3. Bb5 g6 4. 0-0 Bg7 5. c3 Nf6 6. Re1 0-0 7. d4 cxd4 8. cxd4 Qb6 9. Nc3 a6 10. Ba4 d6 11. h3 Bd7 12. e5 Ne8 13. Nd5 Qd8 14. Bg5 f6 15. exf6 exf6 16. Bf4 b5 17. Bb3 Kh8 18. Qd2 Bc8 19. Bh6 Bb7 20. Bxg7+ Nxg7 21. Nh4 Nf5 22. Nxf5 gxf5 23. Qh6 Ra7 24. Nf4 Rg8 25. Bxg8 Qxg8 26. Qxf6+ 1-0

[Event "RSA-ch U14"]
[Site "Bloemfontein"]
[Date "2016.03.24"]
[Round "8"]
[White "Pather, Sachen"]
[Black "Chetty, Mayilan"]
[Result "1-0"]
[WhiteElo "1277"]
[BlackElo "1477"]
[PlyCount "61"]
[EventDate "2016.03.20"]
[EventType "swiss"]
[EventRounds "11"]
[EventCountry "RSA"]
[SourceTitle "CBM 171 Extra"]
[Source "ChessBase"]
[SourceDate "2016.04.26"]
[SourceVersion "1"]
[SourceVersionDate "2016.04.26"]
[SourceQuality "1"]

1. e4 c5 2. Nf3 d6 3. d4 cxd4 4. Nxd4 Nf6 5. Nc3 a6 6. Be3 Ng4 7. Bg5 Nc6 8. h3 Nge5 9. f4 Nxd4 10. Qxd4 Nc6 11. Qd2 h6 12. Bh4 g6 13. Bc4 Bg7 14. Bf2 b5 15. Bb3 Bb7 16. Nd5 0-0 17. 0-0 Bxb2 18. Rab1 Bg7 19. f5 g5 20. Bb6 Qd7 21. f6 Bh8 22. h4 exf6 23. Nxf6+ Bxf6 24. Rxf6 Ne7 25. Rxh6 Qg4 26. Qc3 Qxg2+ 27. Kxg2 Bxe4+ 28. Kf2 Bh7 29. hxg5 Nf5 30. Rxh7 Kxh7 31. Rh1+ 1-0

[Event "RSA-ch U14"]
[Site "Bloemfontein"]
[Date "2016.03.22"]
[Round "4"]
[White "Pather, Sachen"]
[Black "Bekker, Luan"]
[Result "1/2-1/2"]
[WhiteElo "1277"]
[BlackElo "1366"]
[PlyCount "44"]
[EventDate "2016.03.20"]
[EventType "swiss"]
[EventRounds "11"]
[EventCountry "RSA"]
[SourceTitle "CBM 171 Extra"]
[Source "ChessBase"]
[SourceDate "2016.04.26"]
[SourceVersion "1"]
[SourceVersionDate "2016.04.26"]
[SourceQuality "1"]

1. e4 e6 2. d4 d5 3. Nc3 dxe4 4. Nxe4 Nd7 5. Nf3 Ngf6 6. Bd3 Nxe4 7. Bxe4 Nf6 8. Bd3 c5 9. dxc5 Bxc5 10. Bb5+ Bd7 11. Bxd7+ Qxd7 12. Qxd7+ Nxd7 13. Bf4 0-0 14. 0-0 Rac8 15. c3 f6 16. Rfe1 e5 17. Be3 Bxe3 18. Rxe3 Rfd8 19. Rae1 Re8 20. Nd2 Nb6 21. Ne4 Red8 22. b3 Rd3 1/2-1/2

[Event "RSA-ch U14"]
[Site "Bloemfontein"]
[Date "2016.03.21"]
[Round "2"]
[White "Pather, Sachen"]
[Black "Malan, Jacques"]
[Result "0-1"]
[WhiteElo "1277"]
[BlackElo "1450"]
[PlyCount "56"]
[EventDate "2016.03.20"]
[EventType "swiss"]
[EventRounds "11"]
[EventCountry "RSA"]
[SourceTitle "CBM 171 Extra"]
[Source "ChessBase"]
[SourceDate "2016.04.26"]
[SourceVersion "1"]
[SourceVersionDate "2016.04.26"]
[SourceQuality "1"]

1. e4 c5 2. Nf3 e6 3. d4 cxd4 4. Nxd4 Nc6 5. Nc3 a6 6. Be3 Qc7 7. Be2 Nf6 8. 0-0 Be7 9. a4 0-0 10. f4 d6 11. Nb3 b6 12. Qe1 d5 13. e5 Nd7 14. Rf3 Nc5 15. Bxc5 bxc5 16. Rh3 c4 17. Nd2 Qb6+ 18. Kh1 Qxb2 19. Rb1 Qxc2 20. Rc1 Qf5 21. Qf2 Nxe5 22. Rh5 Ng4 23. Bxg4 Qxg4 24. Rh3 Bd7 25. Rg3 Bh4 26. Rxg4 Bxf2 27. Nde4 dxe4 28. Nxe4 f5 0-1

[Event "RSA-chT Regions"]
[Site "Cape Town"]
[Date "2016.01.09"]
[Round "5.3"]
[White "Pretorius, Wiaan"]
[Black "Pather, Sachen"]
[Result "1-0"]
[WhiteElo "1668"]
[BlackElo "1391"]
[PlyCount "101"]
[EventDate "2016.01.08"]
[EventType "team-swiss"]
[EventRounds "7"]
[EventCountry "RSA"]
[SourceTitle "CBM 170 Extra"]
[Source "ChessBase"]
[SourceDate "2016.02.25"]
[SourceVersion "1"]
[SourceVersionDate "2016.02.25"]
[SourceQuality "1"]
[WhiteTeam "Tshwane Youth"]
[BlackTeam "EThekwini"]
[WhiteTeamCountry "RSA"]
[BlackTeamCountry "RSA"]

1. d4 d5 2. Nf3 Nf6 3. e3 e6 4. Bd3 Be7 5. Nbd2 c5 6. b3 Nc6 7. a3 Qc7 8. Bb2 0-0 9. 0-0 Bd7 10. Ne5 Rac8 11. f4 a6 12. Rf3 b5 13. dxc5 Nxe5 14. Bxe5 Qxc5 15. Bxf6 Bxf6 16. Bxh7+ Kxh7 17. Rh3+ Bh4 18. Rxh4+ Kg8 19. Qf3 Qxc2 20. Qh3 f6 21. Rh8+ Kf7 22. Qh5+ Qg6 23. Rxf8+ Rxf8 24. Qxg6+ Kxg6 25. b4 Rc8 26. Nb3 Rc3 27. Nc5 Bc8 28. Kf2 Kf7 29. Ra2 a5 30. Ke2 Rc4 31. Nd3 axb4 32. axb4 Rc7 33. Nc5 Bd7 34. Ra6 Bc6 35. Kd3 Ke7 36. g4 Kf7 37. Kd4 Ke7 38. h4 Bd7 39. Rb6 Bc6 40. g5 fxg5 41. hxg5 Kd6 42. Rb8 Re7 43. Rd8+ Kc7 44. Rg8 Kd6 45. Nd3 Ra7 46. Ne5 Re7 47. Rf8 Rc7 48. g6 Re7 49. Nxc6 Kxc6 50. Rf7 Kd6 51. Kd3 1-0